Multiple Choice City Quiz – Edinburgh - Statistics

General Stats
  • This quiz has been taken 12,606 times
    12,605 since last reset
  • The average score is 7 of 10
Answer Stats
Question Answer % Correct
What is the name of the world's first cloned sheep, born at Edinburgh’s Roslin Institute? Dolly
94%
Which James Bond actor was born in Edinburgh? Sean Connery
81%
Which of these movies takes place in Edinburgh? Trainspotting
73%
On which body of water does Edinburgh lie? Firth of Forth
71%
What nickname is used for the road linking Edinburgh Castle and Holyrood Palace? The Royal Mile
69%
What is Edinburgh's main peak, an ancient extinct volcano? Arthur's Seat
67%
What is Edinburgh's annual celebration of arts and culture? Festival Fringe
60%
Which of these books was written by an Edinburgh resident? The Wealth of Nations
59%
What historic county once included the city of Edinburgh? Midlothian
45%
Edinburgh is known as the ____ of the North. Athens
40%
No matching quizzes found
Score Distribution
Percent of People with Each Score
Percentile by Number Answered
Your Score History
You have not taken this quiz since the last reset